Statistics for Marquette County Quiz

Click here to take the quiz!

General Stats

  • This quiz has been taken 3 times
  • The average score is 5 of 15

Answer Stats

HintAnswer% Correct
How many counties does the county share borders with?6 | 8
67%
What Great Lake is the county on?Superior
67%
NMU's stadiumSuperior Dome
67%
NMU's team nameWildcats
67%
Sawyer International airport used to be a___Air Force Base
33%
Name a county Marquette County bordersAlger | Delta | Menominee | Dickinson | Iron | Baraga | Houghton | Keweenaw
33%
Name of the mountain rangeHuron
33%
City that has a Carnegie LibraryIshpeming
33%
The area's leading industryMining
33%
National _____ Hall of Fame in the countySkiing
33%
What year was the county organized1851
0%
2nd Biggest employer in the countyCleveland Cliffs
0%
Who was the city and county named for?Father Marquette
0%
Biggest lake in the countyLake Michigamme
0%
Famous landmark on the waterMarquette Ore Docks
0%

Score Distribution

Percentile by Number Answered

Percent of People with Each Score

Your Score History

You have not taken this quiz